LDR 00865naa#a2200169#i#450# 001 RU\\bibl\118695 005 20260515175311.5 011 ## _a1994-4683 100 ## _a20230428b2023####ek#y0rusy0150####ca 102 ## _aRU 200 1# _aВЛИЯНИЕ БЕГА В ЛЕГКОАТЛЕТИЧЕСКОМ МАНЕЖЕ И НА ТРЕНАЖЕРЕ "БЕГОВАЯ ДОРОЖКА" НА РАЗВИТИЕ СКОРОСТНОЙ ВЫНОСЛИВОСТИ _eЖурнальная статья 210 1# _aМосква _cНациональный государственный Университет физической культуры, спорта и здоровья им. П.Ф. Лесгафта _d2023 215 ## _a3 с. 608 ## _aЖурнальная статья _2local 675 ## _aБег. Например,. 796.422 _z 700 #1 _aЗиамбетов _gВ Ю 856 4# _auchzapiski.lesgaft.spb.ru _u